Johnson Brothers v Secretary of State for Communities and Local Government and Wychavon District Council (Record no. 81468)
[ view plain ]
| 000 -LEADER | |
|---|---|
| fixed length control field | 02370cad a22002535a 4500 |
| 001 - CONTROL NUMBER | |
| control field | L147290 |
| 008 - FIXED-LENGTH DATA ELEMENTS--GENERAL INFORMATION | |
| fixed length control field | 090427e20090324xxk f v 000 0 eng d |
| 035 ## - SYSTEM CONTROL NUMBER | |
| System control number | (Sirsi) u147290 |
| 041 0# - LANGUAGE CODE | |
| Language code of text/sound track or separate title | eng |
| 245 04 - TITLE STATEMENT | |
| Title | Johnson Brothers v Secretary of State for Communities and Local Government and Wychavon District Council |
| Medium | [electronic resource] |
| 260 ## - PUBLICATION, DISTRIBUTION, ETC. | |
| Date of publication, distribution, etc. | 2009 |
| 520 ## - SUMMARY, ETC. | |
| Summary, etc. | [2009] EWHC 580 (Admin), 24 March 2009. The case considers whether a planning inspector respected local planning policies when taking his decision. Johnson Brothers (J) applied to Wychavon District Council to be granted permission to develop new storage, distribution units and provide parking, landscaping and access on a former airfield. After refusal from the local authority, he appealed to the inspector. The inspector relied on two local planning policies. He also used local, regional and national policy promoting sustainable forms of development. He highlighted the benefits of the proposal but emphasized the harms that such a development would bring to this remote and rural location. J appealed this decision, arguing that: the inspector had not relied sufficiently on the first policy relating to the protection of existing employment land; documentation showed a shortfall of suitable employment; and there was a breach of the rule of natural justice. "Held": There was no error of law in the way the inspector approached the issues. His approach remained consistent with the canons of construction adopted by the courts. He exercised his power within the rules of the appeal and gave a reason for his decision. There was no breach of natural justice or human rights under the European Convention on Human Rights 1950. |
| 590 ## - LOCAL NOTE (RLIN) | |
| Local note | KA |
| 650 24 - SUBJECT ADDED ENTRY--TOPICAL TERM | |
| Topical term or geographic name entry element | JOHNSON BROTHERS V SOS FOR COMMUNITIES AND LOCAL GOVERNMENT AND WYCHAVON DISTRICT COUNCIL |
| 650 24 - SUBJECT ADDED ENTRY--TOPICAL TERM | |
| Topical term or geographic name entry element | TESCO STORES LTD V SOS ENVIRONMENT & ANOR |
| 650 24 - SUBJECT ADDED ENTRY--TOPICAL TERM | |
| Topical term or geographic name entry element | BUSHELL V SOS ENVIRONMENT |
| 650 24 - SUBJECT ADDED ENTRY--TOPICAL TERM | |
| Topical term or geographic name entry element | SOUTH STAFFORDSHIRE DC V SOS ENVIRONMENT & ANOR |
| 650 24 - SUBJECT ADDED ENTRY--TOPICAL TERM | |
| Topical term or geographic name entry element | TOWN AND COUNTRY PLANNING ACT 1990 |
| 650 24 - SUBJECT ADDED ENTRY--TOPICAL TERM | |
| Topical term or geographic name entry element | EUROPEAN CONVENTION ON HUMAN RIGHTS 1950 |
| 651 #4 - SUBJECT ADDED ENTRY--GEOGRAPHIC NAME | |
| Geographic name | England and Wales |
| Chronological subdivision | 1543- |
| 690 ## - LOCAL SUBJECT ADDED ENTRY--TOPICAL TERM (OCLC, RLIN) | |
| Topical term or geographic name as entry element | ENVIRONMENTAL AND LAND CONSULTANCY-PLANNING AND DEVELOPMENT-DEVELOPMENT CONTROL |
| 856 40 - ELECTRONIC LOCATION AND ACCESS | |
| Uniform Resource Identifier | <a href="https://www.bailii.org/ew/cases/EWHC/Admin/2009/580.html">https://www.bailii.org/ew/cases/EWHC/Admin/2009/580.html</a> |
| Public note | View the case free of charge at www.bailli.org... |
| 942 ## - ADDED ENTRY ELEMENTS (KOHA) | |
| Suppress in OPAC | 0 |
| Withdrawn status | Lost status | Source of classification or shelving scheme | Damaged status | Not for loan | Home library | Current library | Shelving location | Date acquired | Total Checkouts | Full call number | Barcode | Date last seen | Copy number | Price effective from | Koha item type |
|---|---|---|---|---|---|---|---|---|---|---|---|---|---|---|---|
| Dewey Decimal Classification | Virtual | Virtual | Online | 27/04/2009 | ONLINE JUDGMENT | 147290-2001 | 06/08/2019 | 1 | 06/08/2019 | Law report |